Una interpretación histórica de la polación/
Guardat en:
| Autor principal: | |
|---|---|
| Altres autors: | |
| Format: | Text |
| Idioma: | Spanish |
| Publicat: |
San José:
EDUCA
1979
|
| Matèries: | |
| Etiquetes: |
Afegir etiqueta
Sense etiquetes, Sigues el primer a etiquetar aquest registre!
|
MARC
| LEADER | 00000 a a2200000 04500 | ||
|---|---|---|---|
| 001 | 33166 | ||
| 003 | cru CRAIS/IIS | ||
| 005 | 20210903112341.0 | ||
| 008 | 210903b1979 |||||||| |||| 00| 0 spa d | ||
| 040 | |c CRAIS/IIS | ||
| 090 | |a 03.01.01 D563e | ||
| 100 | |a Dierckxsens, Wim | ||
| 245 | |a Una interpretación histórica de la polación/ | ||
| 260 | |a San José: |b EDUCA |c 1979 | ||
| 300 | |a Páginas 119-182 | ||
| 440 | |n 05 | ||
| 650 | |a TEORIA DE LA POBLACION | ||
| 650 | |a DEMOGRAFIA | ||
| 700 | |a ed. |a Fernandez, Mario E. |a ed. | ||
| 942 | |2 ddc |c LI |h 03.01.01 |i 19529 |6 030101_19529 | ||
| 999 | |c 10023 |d 10023 | ||
| 773 | 0 | |0 150 |9 2514 |a Dierckxsens, Wim |d San José: EDUCA 1979 |o 19529 |t Economía y población:/ |w (cru CIDCACS/IIS)33171 | |
